Library Banner

The great divide (Record no. 37849)

MARC details
000 -LEADER
fixed length control field 00442nam a2200169Ia 4500
001 - CONTROL NUMBER
control field 38513
008 - FIXED-LENGTH DATA ELEMENTS--GENERAL INFORMATION
fixed length control field 140423s9999 xx 000 0 und d
020 ## - INTERNATIONAL STANDARD BOOK NUMBER
International Standard Book Number 9780195773408
040 ## - CATALOGING SOURCE
Transcribing agency PK-LaUMT
082 ## - DEWEY DECIMAL CLASSIFICATION NUMBER
Classification number 954.035
Item number HOD-G
100 ## - MAIN ENTRY--PERSONAL NAME
Personal name Hodson, H. V.
245 #4 - TITLE STATEMENT
Title The great divide
Remainder of title Britain-India-Pakistan
Statement of responsibility, etc Hodson, H. V.
260 ## - PUBLICATION, DISTRIBUTION, ETC. (IMPRINT)
Place of publication, distribution, etc Karachi,Pakistan:
Name of publisher, distributor, etc Oxford University Press,
Date of publication, distribution, etc 2008
300 ## - PHYSICAL DESCRIPTION
Extent 590 p.
546 ## - LANGUAGE NOTE
Language note EN
942 ## - ADDED ENTRY ELEMENTS (KOHA)
Koha item type Books
Holdings
Withdrawn status Lost status Damaged status Not for loan Home library Current library Date acquired Total Checkouts Full call number Barcode Date last seen Date checked out Price effective from Koha item type
        UMT Main Campus UMT Main Campus 2014-04-23 4 954.035 HOD-G 41261 2019-11-30 2019-11-23 2014-05-05 Books